000 00267nam a22001217a 4500
008 171207b xxu||||| |||| 00| 0 eng d
041 _aeng
080 _212 E
_a658
100 _a54
101 _aLID
245 _aORGANIZATION BEHAVIOR
_cSLOCUM.H
942 _2udc
_cBK
999 _c38814
_d38814